000 00267nam a2200109Ia 4500
008 190906s9999||||xx |||||||||||||| ||und||
100 _a Neil Snortland
245 0 _aManaging Government Organizations
260 _aUSA
_bMcGraw-Hill
_c1980
300 _a623
942 _cBK
999 _c6088
_d6088